Vùng đất Nam Bộ T.1

Trình bày về quá trình hình thành và phát triển các yếu tố tự nhiên của vùng Nam Bộ. Tác động của điều kiện địa lý tự nhiên, môi trường sinh thái đến tiến trình lịch sử và đặc trưng văn hoá vùng Nam Bộ. Nam Bộ trong bối cảnh biến đổ...

Descrición completa

Gardado en:
Detalles Bibliográficos
Autor Principal: Trương, Thị Kim Chuyên
Outros autores: Lê, Xuân Thuyên
Formato: Libro
Idioma:Undetermined
Publicado: H. Chính trị Quốc gia 2017
Những chủ đề:
Acceso en liña:http://lrc.tdmu.edu.vn/opac/search/detail.asp?aID=2&ID=33432
Các nhãn: Engadir etiqueta
Sen Etiquetas, Sexa o primeiro en etiquetar este rexistro!
Thư viện lưu trữ: Trung tâm Học liệu Trường Đại học Thủ Dầu Một
LEADER 01362nam a2200241Ia 4500
001 TDMU_33432
008 210410s9999 xx 000 0 und d
082 |a 959.704332 
090 |b TR561 
100 |a Trương, Thị Kim Chuyên 
245 0 |a Vùng đất Nam Bộ 
245 0 |c Trương Thị Kim Chuyên (ch.b), Lê Xuân Thuyên, Nguyễn Mỹ Phi Long và [nh.ng. khác] 
245 0 |n T.1 
245 0 |p Điều kiện tự nhiên, môi trường sinh thái 
260 |a H. 
260 |b Chính trị Quốc gia 
260 |c 2017 
300 |a 347tr. 
520 |a Trình bày về quá trình hình thành và phát triển các yếu tố tự nhiên của vùng Nam Bộ. Tác động của điều kiện địa lý tự nhiên, môi trường sinh thái đến tiến trình lịch sử và đặc trưng văn hoá vùng Nam Bộ. Nam Bộ trong bối cảnh biến đổi khí hậu; Giá trọn bộ 10 tập 2.000.000đ  
650 |a Địa lịch sử  |x  Điều kiện tự nhiên  |x Môi trường sinh thái  |z Nam Bộ (Việt Nam) 
700 |a Lê, Xuân Thuyên 
856 |u http://lrc.tdmu.edu.vn/opac/search/detail.asp?aID=2&ID=33432 
980 |a Trung tâm Học liệu Trường Đại học Thủ Dầu Một